[Event "4NCL Online Division 5"]
[Site "online"]
[Date "2020.05.05"]
[Round "5.103"]
[White "Dicen, Elis Denele"]
[Black "Barker, Ian"]
[Result "1-0"]
[WhiteElo "1697"]
[BlackElo "1510"]
[PlyCount "71"]
[EventDate "2020.05.05"]
[WhiteTeam "Warwickshire Bears B"]
[BlackTeam "Darnall & Handsworth"]

1. e4 c5 2. Nf3 d6 3. d4 cxd4 4. Nxd4 Nf6 5. Nc3 a6 6. Be3 e5 7. Nf3 Be7 8. Bd3
O-O 9. O-O Be6 10. Qd2 Qc7 11. Rad1 b5 12. a3 Nbd7 13. h3 Rac8 14. Rfe1 Bc4 15.
Bg5 Bxd3 16. cxd3 Nb6 17. Rc1 Qb8 18. Rc2 Rfd8 19. Rec1 Rc5 20. Be3 Rcc8 21.
Bxb6 Qxb6 22. Nd5 Rxc2 23. Nxe7+ Kf8 24. Qxc2 Kxe7 25. Nh4 g6 26. Nf3 h6 27.
Qd2 g5 28. Nh2 Rd7 29. Qc2 Kd8 30. Qc8+ Ke7 31. Ng4 Nxg4 32. hxg4 Qd4 33. Qh8
Qxd3 34. Rc8 Qd1+ 35. Kh2 Qxg4 36. Re8# 1-0

[Event "4NCL Online Division 5"]
[Site "online"]
[Date "2020.05.05"]
[Round "5.104"]
[White "Oughton, John M"]
[Black "Fellowes, Billy"]
[Result "0-1"]
[WhiteElo "1127"]
[BlackElo "1555"]
[PlyCount "112"]
[EventDate "2020.05.05"]
[WhiteTeam "Darnall & Handsworth"]
[BlackTeam "Warwickshire Bears B"]

1. e4 Nc6 2. Nf3 d6 3. Bc4 Nf6 4. Nc3 Bg4 5. h3 Bh5 6. g4 Bg6 7. d3 e5 8. Be3
Be7 9. Nd5 Nxd5 10. Bxd5 O-O 11. Qd2 Qc8 12. h4 Qxg4 13. Qe2 Bh5 14. Rg1 Qxg1+
15. Nxg1 Bxe2 16. Nxe2 Nb4 17. Bb3 Bxh4 18. O-O-O a5 19. Kb1 c6 20. a3 Na6 21.
Rh1 Bf6 22. Ng3 Nc7 23. Nf5 d5 24. exd5 Nxd5 25. Bc5 Rfe8 26. Nd6 Re7 27. Ne4
Re6 28. Nxf6+ Rxf6 29. Re1 Re8 30. c3 Nf4 31. Bc2 g6 32. Bb6 Nh3 33. Rf1 h5 34.
f3 g5 35. Bxa5 g4 36. Bd1 e4 37. dxe4 Rxe4 38. Bd8 Rf5 39. Bc2 Ref4 40. Bxf5
Rxf5 41. Rh1 Rxf3 42. Re1 g3 43. Bb6 g2 44. Ka2 Rf1 45. Re8+ Kg7 46. Bd4+ f6
47. Re7+ Kg6 48. Rxb7 g1=Q 49. Bxg1 Nxg1 50. a4 h4 51. Rb4 Kg5 52. Rc4 h3 53.
a5 h2 54. a6 h1=Q 55. Rc5+ Kg6 56. Rxc6 Qxc6 0-1

[Event "4NCL Online Division 5"]
[Site "online"]
[Date "2020.05.05"]
[Round "5.111"]
[White "Yogit, S."]
[Black "Zhu, Hou Ning"]
[Result "1/2-1/2"]
[WhiteElo "2084"]
[BlackElo "1810"]
[PlyCount "100"]
[EventDate "2020.05.05"]
[WhiteTeam "Uxbridge Knights"]
[BlackTeam "MCS Oxford Juniors"]

1. Nf3 b6 2. g3 Bb7 3. Bg2 Nf6 4. O-O e6 5. c4 Be7 6. b3 O-O 7. Bb2 c5 8. d4
cxd4 9. Bxd4 Nc6 10. Bb2 Qc7 11. Nc3 a6 12. Rc1 Rac8 13. e4 d6 14. Nd5 exd5 15.
cxd5 Qd7 16. dxc6 Bxc6 17. Qd4 Bxe4 18. Qxb6 Rc6 19. Qe3 Rfc8 20. Rxc6 Bxc6 21.
Rd1 Nd5 22. Qe2 Bb7 23. Ne1 Nc3 24. Bxc3 Rxc3 25. Bxb7 Qxb7 26. Ng2 Qf3 27.
Qxf3 Rxf3 28. Ne3 Kf8 29. Kg2 Rf6 30. Rc1 Ke8 31. f4 Re6 32. Kf3 Kd7 33. Nd5
Bd8 34. b4 f5 35. a4 Re4 36. Rd1 a5 37. g4 g6 38. gxf5 gxf5 39. bxa5 Rxa4 40.
Ne3 Rxa5 41. Nc4 Ra6 42. Rg1 Ke6 43. Rg7 Ra4 44. Ne3 Ra3 45. Rxh7 Bb6 46. Rh6+
Kf7 47. Rh7+ Kf6 48. Rh6+ Kf7 49. Rh7+ Kf6 50. Rh6+ Kf7 1/2-1/2

[Event "4NCL Online Division 5"]
[Site "online"]
[Date "2020.05.05"]
[Round "5.112"]
[White "Khan, Samir"]
[Black "Knight, David"]
[Result "1-0"]
[WhiteElo "1600"]
[BlackElo "1735"]
[PlyCount "89"]
[EventDate "2020.05.05"]
[WhiteTeam "MCS Oxford Juniors"]
[BlackTeam "Uxbridge Knights"]

1. e4 c5 2. Nf3 Nc6 3. d4 cxd4 4. Nxd4 e6 5. Nc3 Qc7 6. Be2 a6 7. a3 b5 8. Be3
Bb7 9. O-O Rc8 10. Nxc6 Bxc6 11. Qd4 Nf6 12. Rfd1 e5 13. Qd3 Qb7 14. f3 Be7 15.
a4 bxa4 16. Nxa4 Bb5 17. Qb3 Qc6 18. Bxb5 axb5 19. Nc3 Bc5 20. Bxc5 Qxc5+ 21.
Kf1 O-O 22. Ra5 Qc4+ 23. Qxc4 bxc4 24. Rxe5 Rb8 25. Rb5 Rxb5 26. Nxb5 Rb8 27.
Nd6 Rxb2 28. Rc1 c3 29. Ke2 Kf8 30. Kd3 Ke7 31. Nf5+ Kf8 32. Kxc3 Rb8 33. Kd3
g6 34. Ne3 Ke7 35. c4 Rb2 36. e5 Nh5 37. Nd5+ Ke6 38. g4 Ng7 39. f4 d6 40. Ra1
dxe5 41. Ra6+ Kd7 42. fxe5 Rxh2 43. c5 Ne6 44. c6+ Kc8 45. Ra8# 1-0

[Event "4NCL Online Division 5"]
[Site "online"]
[Date "2020.05.05"]
[Round "5.113"]
[White "Smith, Richard"]
[Black "Li, Reya"]
[Result "1-0"]
[WhiteElo "1427"]
[BlackElo "1450"]
[PlyCount "157"]
[EventDate "2020.05.05"]
[WhiteTeam "Uxbridge Knights"]
[BlackTeam "MCS Oxford Juniors"]

1. c4 e5 2. Nc3 Nf6 3. g3 Nc6 4. e3 Bb4 5. Nge2 d6 6. a3 Ba5 7. b4 Bb6 8. Bg2
a6 9. Bb2 O-O 10. O-O Be6 11. d3 d5 12. cxd5 Nxd5 13. Qc2 Nf6 14. Rad1 Qd7 15.
Ne4 Qe7 16. d4 exd4 17. Nxd4 Nxd4 18. Nxf6+ Qxf6 19. exd4 Bf5 20. Qd2 c6 21. d5
Qg6 22. dxc6 bxc6 23. Qc3 Rac8 24. Rd6 Qg5 25. h4 Qg4 26. Bh3 Bd4 27. Bxg4 Bxc3
28. Bxf5 Bxb2 29. Bxc8 Rxc8 30. Rfd1 f6 31. Rd8+ Rxd8 32. Rxd8+ Kf7 33. Rd6
Bxa3 34. Rxc6 Bxb4 35. Rxa6 h5 36. Kg2 Kg6 37. f4 Kf5 38. Kf3 g5 39. Rb6 Be7
40. Rb5+ Kg6 41. f5+ Kh6 42. Rb8 g4+ 43. Kg2 Kg7 44. Rb7 Kf8 45. Kf2 Bc5+ 46.
Ke2 Bd6 47. Rb3 Be7 48. Kd3 Bd6 49. Kc4 Ke7 50. Kd5 Bc7 51. Rb7 Kd7 52. Rxc7+
Kxc7 53. Ke6 Kc6 54. Kxf6 Kd5 55. Ke7 Ke4 56. f6 Kf3 57. f7 Kxg3 58. f8=Q Kxh4
59. Qf1 g3 60. Kf6 g2 61. Qf2+ Kh3 62. Qg1 Kg3 63. Kg5 h4 64. Qe1+ Kh2 65.
Qxh4+ Kg1 66. Qh3 Kf2 67. Qh2 Kf1 68. Qf4+ Kg1 69. Qg3 Kf1 70. Qf3+ Kg1 71. Kg4
Kh2 72. Qh3+ Kg1 73. Kg3 Kf1 74. Qxg2+ Ke1 75. Kf3 Kd1 76. Ke3 Kc1 77. Kd3 Kb1
78. Kc3 Ka1 79. Qb2# 1-0

[Event "4NCL Online Division 5"]
[Site "online"]
[Date "2020.05.05"]
[Round "5.114"]
[White "Masacorale, Jamie"]
[Black "Martellotta, Gabriele"]
[Result "1-0"]
[WhiteElo "1322"]
[BlackElo "1390"]
[PlyCount "53"]
[EventDate "2020.05.05"]
[WhiteTeam "MCS Oxford Juniors"]
[BlackTeam "Uxbridge Knights"]

1. d4 d5 2. Nf3 e6 3. Bf4 c5 4. e3 a6 5. a3 Nc6 6. c4 Nf6 7. h3 h6 8. Nc3 g6 9.
Bd3 cxd4 10. exd4 Bg7 11. cxd5 Nxd5 12. Nxd5 Qxd5 13. Rc1 Bxd4 14. Nxd4 Qxd4
15. Qd2 g5 16. Bh2 Ne5 17. Bb5+ axb5 18. Qxd4 f6 19. Bxe5 fxe5 20. Qxe5 O-O 21.
Qxb5 Rf5 22. Qe8+ Rf8 23. Qg6+ Kh8 24. Qxh6+ Kg8 25. Rc7 Rf7 26. Qxg5+ Kf8 27.
Qh6+ 1-0

[Event "4NCL Online Division 5"]
[Site "online"]
[Date "2020.05.05"]
[Round "5.121"]
[White "Feldman, Keith"]
[Black "Ball, Matthew P"]
[Result "0-1"]
[WhiteElo "1330"]
[BlackElo "1750"]
[PlyCount "108"]
[EventDate "2020.05.05"]
[WhiteTeam "St Albans 4"]
[BlackTeam "Doughnuts of Doom"]

1. d4 Nf6 2. c4 c5 3. Nf3 g6 4. e3 cxd4 5. exd4 Bg7 6. Bd3 O-O 7. O-O d5 8. c5
a5 9. Nc3 Nc6 10. Nb5 b6 11. Qc2 Nb4 12. Qb3 Nxd3 13. Qxd3 Bf5 14. Qb3 bxc5 15.
dxc5 a4 16. Qa3 Nd7 17. c6 Qb6 18. cxd7 Qxb5 19. Qxe7 Qxd7 20. Qxd7 Bxd7 21.
Rd1 Be6 22. Nd4 Rab8 23. Rb1 Rfc8 24. Bf4 Rb4 25. Nxe6 fxe6 26. Bc1 Rc2 27. a3
Rb3 28. Re1 Kf7 29. Re3 Bd4 30. Rf3+ Rxf3 31. gxf3 Rxf2 32. Kh1 Rf1+ 33. Kg2
Rg1+ 34. Kh3 Be3 35. b4 Rxc1 36. Rb2 Bd4 37. Rd2 Be5 38. b5 Rb1 39. f4 Bxf4 40.
Rd4 g5 41. Rxa4 Rxb5 42. Ra7+ Kg6 43. a4 Rb2 44. Kg4 Rb3 45. Rxh7 Kxh7 46. h4
Rg3+ 47. Kh5 gxh4 48. Kxh4 Rg1 49. a5 Be3 50. a6 Kg6 51. Kh3 Kf5 52. Kh2 Ba7
53. Kh3 Kf4 54. Kh2 Kf3 0-1

[Event "4NCL Online Division 5"]
[Site "online"]
[Date "2020.05.05"]
[Round "5.122"]
[White "Smith, David W"]
[Black "Cowan, James"]
[Result "1-0"]
[WhiteElo "1727"]
[BlackElo "1300"]
[PlyCount "165"]
[EventDate "2020.05.05"]
[WhiteTeam "Doughnuts of Doom"]
[BlackTeam "St Albans 4"]

1. e4 c5 2. Nc3 d6 3. f4 Nf6 4. Nf3 Nc6 5. Bb5 Bd7 6. Bc4 g6 7. O-O Bg7 8. d3
O-O 9. Qe1 a6 10. a4 Re8 11. Qh4 h6 12. e5 dxe5 13. fxe5 Nh7 14. Bxh6 Nxe5 15.
Nxe5 Bxe5 16. Bxf7+ Kh8 17. Bxe8 Bxe8 18. Bg5 Qd4+ 19. Kh1 Bc6 20. Rf7 Qxh4 21.
Bxh4 g5 22. Bg3 Bf6 23. Ne4 Bxe4 24. dxe4 Kg8 25. Rxf6 Nxf6 26. Re1 Rd8 27. e5
Nh5 28. Bf2 Rd2 29. Bxc5 Rxc2 30. b4 e6 31. g3 Ng7 32. g4 Rc4 33. h3 Rc3 34.
Kg2 Rc2+ 35. Kf3 Ne8 36. Be7 Rc3+ 37. Re3 Rc4 38. b5 Rxa4 39. bxa6 Rxa6 40.
Bxg5 Nc7 41. Rb3 b5 42. h4 Kf7 43. h5 Ra8 44. Ke4 Ra4+ 45. Kf3 Ra8 46. Bh4 Nd5
47. g5 Ne7 48. g6+ Nxg6 49. hxg6+ Kxg6 50. Rxb5 Rf8+ 51. Bf6 Ra8 52. Rb4 Ra3+
53. Kf4 Ra8 54. Rd4 Rc8 55. Be7 Kf7 56. Bd6 Rh8 57. Ke3 Rh3+ 58. Kd2 Rh2+ 59.
Kc3 Rh3+ 60. Kc4 Rh8 61. Rf4+ Ke8 62. Kb5 Kd7 63. Rf7+ Ke8 64. Rf6 Kd7 65. Rf7+
Ke8 66. Rb7 Rg8 67. Rb8+ Kf7 68. Rxg8 Kxg8 69. Kc6 Kf7 70. Kd7 Kg8 71. Kxe6 Kg7
72. Kd7 Kf7 73. e6+ Kf6 74. e7 Kf7 75. e8=Q+ Kf6 76. Qe6+ Kg5 77. Qf7 Kg4 78.
Bf8 Kg5 79. Ke6 Kg4 80. Ke5 Kg5 81. Qg7+ Kh5 82. Kf4 Kh4 83. Qg4# 1-0

[Event "4NCL Online Division 5"]
[Site "online"]
[Date "2020.05.05"]
[Round "5.123"]
[White "Harris, Stuart"]
[Black "Ball, Katie C"]
[Result "0-1"]
[WhiteElo "1300"]
[BlackElo "1532"]
[PlyCount "82"]
[EventDate "2020.05.05"]
[WhiteTeam "St Albans 4"]
[BlackTeam "Doughnuts of Doom"]

1. d4 e6 2. c4 f5 3. Nc3 Nf6 4. Nf3 Be7 5. h3 b6 6. Bg5 Bb7 7. e3 Ne4 8. Bxe7
Qxe7 9. Nxe4 Bxe4 10. Bd3 Bb7 11. O-O O-O 12. Re1 Qf6 13. e4 Nc6 14. e5 Qg6 15.
a3 Nxd4 16. Be2 Nc6 17. Qd3 Nxe5 18. Qc3 d6 19. g3 Nf7 20. Nh4 Qh6 21. Bf3 Bxf3
22. Qxf3 Ne5 23. Qc3 Qh5 24. f4 Ng6 25. Qf3 Qxf3 26. Nxf3 Rfe8 27. Ng5 e5 28.
fxe5 dxe5 29. Rad1 Rad8 30. Rxd8 Rxd8 31. Ne6 Rd3 32. Kf2 Rd2+ 33. Re2 Rxe2+
34. Kxe2 c6 35. h4 h6 36. h5 Ne7 37. Nc7 Kf7 38. Kf3 Kf6 39. Ne8+ Kf7 40. Nd6+
Ke6 41. Nc8 Nxc8 0-1

[Event "4NCL Online Division 5"]
[Site "online"]
[Date "2020.05.05"]
[Round "5.124"]
[White "Ball, Charlie"]
[Black "Rose, Samuel"]
[Result "1-0"]
[WhiteElo "1555"]
[BlackElo "1075"]
[PlyCount "47"]
[EventDate "2020.05.05"]
[WhiteTeam "Doughnuts of Doom"]
[BlackTeam "St Albans 4"]

1. e4 c5 2. d4 e6 3. Be3 d5 4. exd5 cxd4 5. dxe6 Bxe6 6. Bxd4 Nc6 7. Bb5 Bd7 8.
Qe2+ Be7 9. Bxg7 f6 10. Bxh8 Nd4 11. Bxd7+ Qxd7 12. Qh5+ Kd8 13. Nf3 Nxc2+ 14.
Ke2 Qe6+ 15. Kf1 Qc4+ 16. Kg1 Nxa1 17. g3 Qxa2 18. Kg2 Bd6 19. Nc3 Qxb2 20.
Qa5+ Qb6 21. Qxa1 Rc8 22. Nd5 Be7 23. Nxb6 Nh6 24. Nxc8 1-0

[Event "4NCL Online Division 5"]
[Site "online"]
[Date "2020.05.05"]
[Round "5.131"]
[White "Millar, Stephen"]
[Black "Dobbie, Graham"]
[Result "0-1"]
[WhiteElo "1817"]
[BlackElo "1803"]
[PlyCount "64"]
[EventDate "2020.05.05"]
[WhiteTeam "St Albans 2"]
[BlackTeam "East Kilbride"]

1. e4 e5 2. Nf3 Nc6 3. Bb5 f5 4. d3 Nf6 5. O-O Bc5 6. exf5 O-O 7. Be3 Nd4 8. c3
Nxb5 9. Bxc5 d6 10. Qb3+ Kh8 11. Qxb5 dxc5 12. Qxc5 Bxf5 13. Nxe5 Nd7 14. Nxd7
Qxd7 15. d4 Bd3 16. Re1 Rae8 17. Nd2 Rf5 18. Rxe8+ Qxe8 19. Qxc7 h6 20. Qg3 Bb5
21. Qe3 Qg6 22. c4 Bd7 23. Nf3 Rf8 24. Ne5 Qd6 25. Nxd7 Qxd7 26. Re1 Qf5 27. d5
Qc8 28. b3 Qd7 29. Qe6 Qc7 30. Qe7 Qf4 31. Qe3 Qf6 32. Qe5 Qxf2+ 0-1

[Event "4NCL Online Division 5"]
[Site "online"]
[Date "2020.05.05"]
[Round "5.132"]
[White "Howie, Andrew"]
[Black "Palmer, James C"]
[Result "1-0"]
[WhiteElo "1494"]
[BlackElo "1720"]
[PlyCount "35"]
[EventDate "2020.05.05"]
[WhiteTeam "East Kilbride"]
[BlackTeam "St Albans 2"]

1. d4 e6 2. Nc3 f5 3. e4 fxe4 4. Be3 Nf6 5. f3 exf3 6. Nxf3 Bb4 7. Bd3 Nd5 8.
Bd2 Nxc3 9. bxc3 Be7 10. O-O O-O 11. Qe2 b6 12. Ne5 Bg5 13. Bxh7+ Kxh7 14. Qh5+
Bh6 15. Qg6+ Kh8 16. Bxh6 gxh6 17. Nf7+ Rxf7 18. Rxf7 1-0

[Event "4NCL Online Division 5"]
[Site "online"]
[Date "2020.05.05"]
[Round "5.133"]
[White "Maton, Emily"]
[Black "Shrestha, Deepesh"]
[Result "1-0"]
[WhiteElo "1652"]
[BlackElo "1200"]
[PlyCount "71"]
[EventDate "2020.05.05"]
[WhiteTeam "St Albans 2"]
[BlackTeam "East Kilbride"]

1. g3 e5 2. c4 Nf6 3. Bg2 Bc5 4. d3 c6 5. Nc3 d5 6. cxd5 cxd5 7. e3 d4 8. exd4
exd4 9. Nce2 O-O 10. Nf3 Nc6 11. O-O Bf5 12. a3 Qd7 13. b4 Bb6 14. Bb2 a6 15.
Rc1 Rad8 16. Qd2 Bh3 17. a4 Bxg2 18. Kxg2 Rfe8 19. a5 Ba7 20. Rc4 Nd5 21. Nexd4
Ncxb4 22. Rd1 b5 23. axb6 Bxb6 24. Ba1 a5 25. Qb2 Qb7 26. Nc6 f6 27. Nxd8 Rxd8
28. Qe2 Qa6 29. Re4 Kf7 30. Re6 Nxd3 31. Rxd3 Nf4+ 32. gxf4 Qxd3 33. Qxd3 Rxd3
34. Rxb6 Kg6 35. Ne5+ Kf5 36. Nxd3 1-0

[Event "4NCL Online Division 5"]
[Site "online"]
[Date "2020.05.05"]
[Round "5.134"]
[White "Tandon, Ashley"]
[Black "Pines, Chris"]
[Result "1-0"]
[WhiteElo "905"]
[BlackElo "1570"]
[PlyCount "95"]
[EventDate "2020.05.05"]
[WhiteTeam "East Kilbride"]
[BlackTeam "St Albans 2"]

1. d4 b5 2. e4 Bb7 3. f3 a6 4. Be3 g6 5. Bd3 Bg7 6. Ne2 Nc6 7. O-O Nb4 8. a3
Nxd3 9. Qxd3 Nf6 10. Nbc3 O-O 11. h3 d6 12. f4 e6 13. Rad1 d5 14. e5 Ne4 15.
Nxe4 dxe4 16. Qd2 f5 17. exf6 Bxf6 18. Ng3 Qd5 19. Ne2 Rad8 20. Nc3 Qd7 21. Bf2
Bd5 22. Rfe1 Qc6 23. Qe2 Bc4 24. Qxe4 Qxe4 25. Nxe4 Bd5 26. Nxf6+ Rxf6 27. Bh4
Rff8 28. Bxd8 Rxd8 29. Kf2 Rf8 30. Kg3 Kg7 31. Kg4 h6 32. Rg1 Rf5 33. Rdf1 Bc4
34. Rf2 g5 35. Kg3 Kg6 36. fxg5 hxg5 37. Rxf5 exf5 38. Re1 Kh5 39. Re7 f4+ 40.
Kf2 c6 41. Rd7 a5 42. g4+ Kg6 43. Rd6+ Kf7 44. Rxc6 a4 45. Rb6 Kg7 46. b3 axb3
47. cxb3 Bxb3 48. Rxb5 1-0

[Event "4NCL Online Division 5"]
[Site "online"]
[Date "2020.05.05"]
[Round "5.141"]
[White "Angel, George"]
[Black "Lingard, Geoffrey W"]
[Result "1-0"]
[WhiteElo "1472"]
[BlackElo "1765"]
[PlyCount "45"]
[EventDate "2020.05.05"]
[WhiteTeam "St Albans 3"]
[BlackTeam "Bude Surfers"]

1. e4 d5 2. exd5 Nf6 3. Nc3 Nxd5 4. Bc4 Nxc3 5. bxc3 Nc6 6. Ba3 g6 7. d4 Bg7 8.
Nf3 O-O 9. O-O Re8 10. Re1 e6 11. h4 Qf6 12. Qd2 Bd7 13. h5 gxh5 14. Bd3 Bh6
15. Qe2 Ne7 16. Ne5 Bc8 17. Qxh5 Qg7 18. g4 Ng6 19. g5 Nxe5 20. Rxe5 f6 21.
Qxe8+ Qf8 22. Bxf8 Bxf8 23. gxf6 1-0

[Event "4NCL Online Division 5"]
[Site "online"]
[Date "2020.05.05"]
[Round "5.142"]
[White "Constable, Christine F"]
[Black "Branch, Graham"]
[Result "1-0"]
[WhiteElo "1577"]
[BlackElo "1450"]
[PlyCount "133"]
[EventDate "2020.05.05"]
[WhiteTeam "Bude Surfers"]
[BlackTeam "St Albans 3"]

1. d4 e6 2. Nf3 d5 3. e3 c5 4. b3 Nf6 5. Bd3 Nc6 6. Bb2 cxd4 7. exd4 Bd6 8. O-O
O-O 9. Ne5 Qc7 10. f4 Ne4 11. Nd2 f5 12. Rc1 Nb4 13. a4 Nc3 14. Bxc3 Qxc3 15.
Ndf3 Nc6 16. Bb5 a6 17. Bxc6 bxc6 18. Qe1 Qxe1 19. Rfxe1 c5 20. c3 Ra7 21. g3
Rc7 22. Kg2 Bxe5 23. Nxe5 g6 24. Nf3 h6 25. b4 c4 26. a5 Bd7 27. Ne5 Kg7 28.
Nxd7 Rxd7 29. Rxe6 Ra7 30. Rce1 Rf6 31. h4 h5 32. R1e5 Rxe6 33. Rxe6 Kf7 34.
Re5 Rd7 35. Kf3 Rd6 36. Ke3 Rd7 37. Kd2 Rd6 38. Kc2 Rd7 39. Kb2 Rd6 40. Ka3 Rd7
41. Ka4 Rd6 42. b5 axb5+ 43. Kxb5 Kf6 44. Kc5 Ra6 45. Kxd5 Rxa5+ 46. Kxc4 Ra4+
47. Kd5 Ra5+ 48. Kc4 Ra4+ 49. Kd3 Ra1 50. d5 Rd1+ 51. Kc4 Rg1 52. Re3 Rd1 53.
Kc5 Ra1 54. c4 Ra5+ 55. Kd4 Ra7 56. Re6+ Kf7 57. Ke5 Rc7 58. Kd4 Rd7 59. c5 Rd8
60. Ke5 Rd7 61. c6 Rc7 62. Kd6 Rc8 63. Kd7 Ra8 64. c7 Ra7 65. Kd8 Ra8+ 66. c8=Q
Rxc8+ 67. Kxc8 1-0

[Event "4NCL Online Division 5"]
[Site "online"]
[Date "2020.05.05"]
[Round "5.143"]
[White "Wicks, Ben"]
[Black "Constable, John"]
[Result "0-1"]
[WhiteElo "1442"]
[BlackElo "1562"]
[PlyCount "126"]
[EventDate "2020.05.05"]
[WhiteTeam "St Albans 3"]
[BlackTeam "Bude Surfers"]

1. e4 g6 2. d4 Bg7 3. Nc3 d6 4. Be3 a6 5. h4 h5 6. Qd2 b5 7. O-O-O Bb7 8. d5
Nd7 9. f4 c5 10. Nf3 b4 11. Na4 Qa5 12. b3 Nb6 13. Bxc5 dxc5 14. d6 Rd8 15. e5
Rd7 16. Qe3 Nh6 17. Qxc5 Qxc5 18. Nxc5 Ng4 19. Rd2 Bxf3 20. gxf3 Nxe5 21. Nxd7
Nexd7 22. dxe7 Bh6 23. Rd4 Kxe7 24. Bxa6 Ne5 25. Re1 Nbd7 26. Kb2 Bg7 27. Kb1
Kf6 28. fxe5+ Nxe5 29. Rf4+ Ke7 30. Rxb4 Kf6 31. Rf4+ Ke7 32. a4 f6 33. Rfe4
Kd6 34. Rd1+ Kc7 35. f4 Nf3 36. Re7+ Kb6 37. Rd6+ Kc5 38. Rdd7 Bh6 39. Rc7+ Kd6
40. Red7+ Ke6 41. Bc4+ Kf5 42. Bd3+ Kxf4 43. Rc4+ Kg3 44. Re7 Nd2+ 45. Kb2
Nxc4+ 46. Bxc4 Bd2 47. Re6 Rf8 48. Ka3 Kxh4 49. b4 g5 50. Be2 f5 51. Rh6 g4 52.
c4 Bxh6 53. b5 Re8 54. Bf1 f4 55. c5 Bf8 56. Kb4 Rc8 57. b6 Rxc5 58. b7 Rc7+
59. Kb5 Rxb7+ 60. Kc6 Ra7 61. Kb5 f3 62. a5 g3 63. a6 g2 0-1

[Event "4NCL Online Division 5"]
[Site "online"]
[Date "2020.05.05"]
[Round "5.144"]
[White "Russell, Lloyd"]
[Black "Gemmell, Adam"]
[Result "0-1"]
[WhiteElo "1210"]
[BlackElo "1390"]
[PlyCount "58"]
[EventDate "2020.05.05"]
[WhiteTeam "Bude Surfers"]
[BlackTeam "St Albans 3"]

1. d4 Nf6 2. c4 e5 3. dxe5 Ng4 4. Nf3 Bc5 5. e3 Nc6 6. g3 Ngxe5 7. Bg2 Nxc4 8.
b3 Nb6 9. Bb2 O-O 10. O-O d6 11. Qc2 Nd5 12. a3 a5 13. h4 Bg4 14. Ng5 g6 15.
Bxd5 Ne5 16. Qc3 h6 17. f4 hxg5 18. fxe5 Qe7 19. e6 f6 20. Rxf6 Rxf6 21. Qxf6
Bxe3+ 22. Kh2 Qxf6 23. Bxf6 c6 24. e7+ cxd5 25. Nc3 Bf3 26. Re1 d4 27. Nb5 Rc8
28. Nxd6 Rc2+ 29. Kh3 g4# 0-1

[Event "4NCL Online Division 5"]
[Site "online"]
[Date "2020.05.05"]
[Round "5.151"]
[White "Kerbel, Sasha"]
[Black "Arora, Tashika"]
[Result "1/2-1/2"]
[WhiteElo "1780"]
[BlackElo "1787"]
[PlyCount "110"]
[EventDate "2020.05.05"]
[WhiteTeam "Wigston 2"]
[BlackTeam "Oxford 4"]

1. e4 c5 2. Nf3 d6 3. d4 cxd4 4. Nxd4 Nf6 5. Nc3 g6 6. Be3 Bg7 7. f3 O-O 8. Qd2
Nc6 9. O-O-O d5 10. Kb1 Nxd4 11. e5 Nf5 12. exf6 exf6 13. Bc5 d4 14. Bxf8 Qxf8
15. Nb5 Be6 16. Nc7 Rc8 17. Nxe6 fxe6 18. Bd3 Ne3 19. Rde1 Bh6 20. Qe2 e5 21.
h4 f5 22. g4 Qe7 23. gxf5 gxf5 24. Qh2 e4 25. fxe4 fxe4 26. Rxe3 dxe3 27. Qg2+
Kh8 28. Qxe4 Qxe4 29. Bxe4 Re8 30. Bd3 Bf4 31. Be2 Bg3 32. h5 Rf8 33. Rf1 Rd8
34. Rd1 Rxd1+ 35. Bxd1 Kg7 36. c4 Kf6 37. Kc2 Ke5 38. Kd3 Bf4 39. b4 h6 40. a4
b6 41. a5 bxa5 42. bxa5 Kd6 43. Bf3 Bg5 44. Kd4 Bf6+ 45. Kxe3 Kc5 46. Kd3 a6
47. Bb7 Bd8 48. Bxa6 Bxa5 49. Ke4 Bd8 50. Bb5 Bg5 51. Kf5 Bc1 52. Ke5 Bg5 53.
Kf5 Bc1 54. Ke5 Bg5 55. Kf5 Bc1 1/2-1/2

[Event "4NCL Online Division 5"]
[Site "online"]
[Date "2020.05.05"]
[Round "5.152"]
[White "Neatherway, A Philip"]
[Black "Pike, Andrew"]
[Result "1-0"]
[WhiteElo "1798"]
[BlackElo "1660"]
[PlyCount "45"]
[EventDate "2020.05.05"]
[WhiteTeam "Oxford 4"]
[BlackTeam "Wigston 2"]

1. e4 c5 2. Nf3 d6 3. d4 cxd4 4. Nxd4 Nf6 5. Nc3 a6 6. Be3 e6 7. f3 Be7 8. Qd2
Nc6 9. O-O-O Bd7 10. g4 Ne5 11. h4 h6 12. Kb1 b5 13. Bd3 d5 14. g5 Ng8 15. exd5
b4 16. dxe6 fxe6 17. Ne4 h5 18. Qh2 Nxd3 19. Rxd3 Qb8 20. Bf4 Qb7 21. Bd6 Qd5
22. Nb3 Qf5 23. Bxe7 1-0

[Event "4NCL Online Division 5"]
[Site "online"]
[Date "2020.05.05"]
[Round "5.154"]
[White "Bentham, Sam"]
[Black "Mottram, Paul"]
[Result "1-0"]
[WhiteElo "1625"]
[BlackElo "1570"]
[PlyCount "79"]
[EventDate "2020.05.05"]
[WhiteTeam "Oxford 4"]
[BlackTeam "Wigston 2"]

1. c4 c6 2. d4 d5 3. Nc3 Nf6 4. Nf3 dxc4 5. a4 Bf5 6. Nh4 Bg6 7. Nxg6 hxg6 8.
e4 Nbd7 9. Bxc4 Nb6 10. Be2 e6 11. O-O Qc7 12. e5 Nfd5 13. Ne4 c5 14. Be3 Nxe3
15. fxe3 Be7 16. Bb5+ Kf8 17. Qg4 Kg8 18. Ng5 Bxg5 19. Qxg5 Nd5 20. e4 Rh5 21.
Qg3 Ne7 22. Be2 Rh6 23. Rac1 Qb6 24. Qf2 Rf8 25. Rxc5 Qd8 26. d5 exd5 27. exd5
Nf5 28. d6 Qh4 29. Qxh4 Rxh4 30. d7 Rd4 31. Rc7 Ne7 32. d8=Q Rfxd8 33. Rxe7 Rd2
34. Bc4 Kh7 35. Rfxf7 Rd1+ 36. Kf2 R1d2+ 37. Kg3 Rg8 38. Rf2 Rd4 39. Bxg8+ Kh6
40. Rf4 1-0

[Event "4NCL Online Division 5"]
[Site "online"]
[Date "2020.05.05"]
[Round "5.161"]
[White "Lancaster, Roger"]
[Black "Dhemrait, Surjit S"]
[Result "1-0"]
[WhiteElo "1741"]
[BlackElo "1518"]
[PlyCount "117"]
[EventDate "2020.05.05"]
[WhiteTeam "Watford Juniors A"]
[BlackTeam "Harrow 4"]

1. e4 e5 2. Nf3 Nc6 3. Bb5 d6 4. O-O Be7 5. c3 Nf6 6. Re1 O-O 7. h3 a6 8. Ba4
b5 9. Bb3 Bb7 10. d4 Na5 11. Bc2 exd4 12. cxd4 Re8 13. b3 Bf8 14. Nbd2 Nc6 15.
Bb2 Ne7 16. Rc1 Ng6 17. Bb1 Nh5 18. d5 Bc8 19. Nf1 Nf6 20. Ng3 Bd7 21. Nd4 Qc8
22. Re3 Ne5 23. f4 Ng6 24. Qf3 Nh8 25. Rec3 Ra7 26. Nc6 Rb7 27. Na5 Ra7 28. Qf2
Qb8 29. Nc6 Bxc6 30. Rxc6 Rc8 31. Nf5 Ng6 32. Nh6+ gxh6 33. Bxf6 Be7 34. Bxe7
Nxe7 35. R6c3 c5 36. Qh4 Qb6 37. Qxh6 c4+ 38. Kh2 Qd4 39. Rg3+ Ng6 40. f5 Qg7
41. Qxg7+ Kxg7 42. fxg6 fxg6 43. bxc4 Rac7 44. Rgc3 bxc4 45. Bd3 Kf6 46. Rxc4
Rxc4 47. Rxc4 Rxc4 48. Bxc4 a5 49. Kg3 Ke5 50. Kf3 Kd4 51. Bb5 Kc5 52. Be8 Kd4
53. h4 Kc3 54. g4 Kb2 55. a4 Kc3 56. Kf4 Kd4 57. Bxg6 hxg6 58. h5 g5+ 59. Kf5
1-0

[Event "4NCL Online Division 5"]
[Site "online"]
[Date "2020.05.05"]
[Round "5.162"]
[White "Nettleton, Robin"]
[Black "Dasgupta, Avyukt"]
[Result "0-1"]
[WhiteElo "1487"]
[BlackElo "1637"]
[PlyCount "90"]
[EventDate "2020.05.05"]
[WhiteTeam "Harrow 4"]
[BlackTeam "Watford Juniors A"]

1. d4 Nf6 2. Bf4 d5 3. c3 Bf5 4. e3 c6 5. Bxb8 Rxb8 6. Nf3 Qb6 7. Qb3 Qc7 8.
Nbd2 b5 9. Nh4 Bd7 10. Qc2 e6 11. Be2 c5 12. dxc5 Bxc5 13. Nhf3 e5 14. Nb3 Bb6
15. O-O a6 16. Nc1 O-O 17. Nd2 e4 18. Ndb3 Ng4 19. Bxg4 Bxg4 20. Ne2 Bxe2 21.
Qxe2 f5 22. Rac1 f4 23. Nd4 Qd6 24. Qg4 Bxd4 25. cxd4 f3 26. Qg3 Qe6 27. Rc5
Rbd8 28. Rfc1 Rf6 29. Qc7 Rff8 30. Qc6 Qg4 31. Kf1 Qxg2+ 32. Ke1 Qg1+ 33. Kd2
Qxf2+ 34. Kc3 Qxe3+ 35. Kb4 Qxd4+ 36. Kb3 Qa4+ 37. Kc3 d4+ 38. Kd2 Qb4+ 39. Kd1
f2 40. Qe6+ Kh8 41. Rf5 Qe1+ 42. Kc2 Rc8+ 43. Kb3 Qxc1 44. Qd6 Qc4+ 45. Ka3
Qa4# 0-1